[Event "Madrid Chamartin op 7th"]
[Site "Madrid"]
[Date "2018.09.07"]
[Round "7"]
[White "Martinez Pintor, Juan"]
[Black "Carballido Mateo, Ignacio"]
[Result "0-1"]
[WhiteElo "1627"]
[BlackElo "1498"]
[PlyCount "73"]
[EventDate "2018.09.03"]
[EventType "swiss"]
[EventRounds "9"]
[EventCountry "ESP"]
[SourceTitle "CBM 187 Extra"]
[Source "ChessBase"]
[SourceDate "2018.11.04"]
[SourceVersion "1"]
[SourceVersionDate "2018.11.04"]
[SourceQuality "1"]

1. d4 c5 2. d5 d6 3. c4 g6 4. Nc3 Bg7 5. e4 Na6 6. Bd3 Nc7 7. a4 a6 8. Nf3 Rb8 9. 0-0 Bd7 10. a5 b5 11. axb6 Rxb6 12. Re1 e5 13. Bc2 Nh6 14. Ba4 f5 15. Bg5 Qc8 16. Qc1 Nf7 17. Bd2 f4 18. g3 g5 19. Qd1 Ke7 20. Bxd7 Qxd7 21. Kh1 g4 22. Nh4 f3 23. Nf5+ Kf8 24. Qc1 h5 25. h4 Qd8 26. Na2 Bf6 27. b4 Ne8 28. bxc5 Rb3 29. c6 Ng7 30. Ne3 Bxh4 31. c7 Qxc7 32. gxh4 Qe7 33. Nc3 Qxh4+ 34. Kg1 Ng5 35. Nf5 Nh3+ 36. Kh1 Nxf2+ 37. Kg1 0-1

[Event "Madrid San Viator op 18th"]
[Site "Madrid"]
[Date "2012.04.15"]
[Round "3"]
[White "Carballido Mateo, Ignacio"]
[Black "Franco Rincon, David"]
[Result "1-0"]
[WhiteElo "1395"]
[BlackElo "1696"]
[PlyCount "77"]
[EventDate "2012.03.25"]
[EventType "swiss"]
[EventRounds "9"]
[EventCountry "ESP"]
[SourceTitle "EXT 2013"]
[Source "ChessBase"]
[SourceDate "2012.11.22"]
[SourceVersion "1"]
[SourceVersionDate "2012.11.22"]
[SourceQuality "1"]

1. b3 e5 2. Bb2 Nc6 3. e3 Bc5 4. Bb5 Qe7 5. Bxc6 bxc6 6. Nf3 d6 7. 0-0 Be6 8. d4 Bb6 9. dxe5 f6 10. exd6 cxd6 11. c4 Bg4 12. h3 Bh5 13. Nbd2 Rd8 14. a3 d5 15. cxd5 Rxd5 16. g4 Bg6 17. Rc1 Qd7 18. Re1 Be4 19. Nd4 c5 20. Nxe4 cxd4 21. exd4 Kf7 22. Nc5 Bxc5 23. Rxc5 Ne7 24. b4 Rd8 25. Qc2 Rc8 26. Rxe7+ Kxe7 27. Rxc8 Qe6 28. Rc7+ Kf8 29. Qxh7 Rd7 30. Rc8+ Ke7 31. Qxg7+ Kd6 32. Qf8+ Re7 33. Rd8+ Kc7 34. d5 Qe1+ 35. Kg2 Qe4+ 36. Kg3 Qd3+ 37. Kh2 Rh7 38. Qd6+ Kb7 39. Rb8# 1-0

[Event "San Sebastian de los Reyes op 13th"]
[Site "San Sebastian"]
[Date "2011.12.03"]
[Round "2"]
[White "Alfaya Marcelo, Roberto"]
[Black "Carballido Mateo, Ignacio"]
[Result "1-0"]
[WhiteElo "1652"]
[BlackElo "1500"]
[PlyCount "89"]
[EventDate "2011.12.02"]
[EventType "swiss"]
[EventRounds "9"]
[EventCountry "ESP"]
[SourceTitle "CBM 145 Extra"]
[Source "ChessBase"]
[SourceDate "2012.01.03"]
[SourceVersion "1"]
[SourceVersionDate "2012.01.03"]
[SourceQuality "1"]

1. e4 c5 2. Nf3 d6 3. d4 cxd4 4. Nxd4 Nf6 5. Nc3 Nc6 6. Be2 g6 7. Be3 Bg7 8. 0-0 Bd7 9. f4 a6 10. Kh1 0-0 11. Bf3 e5 12. Nb3 Be6 13. Qd2 Bg4 14. Rad1 Bxf3 15. Rxf3 Ng4 16. Bg1 exf4 17. Qxf4 Nce5 18. Rff1 Qh4 19. Na5 b6 20. Bxb6 Bh6 21. Qg3 Qxg3 22. hxg3 Be3 23. Nd5 Nf2+ 24. Rxf2 Bxf2 25. Bxf2 f5 26. exf5 Rae8 27. f6 Ng4 28. Ne7+ Kf7 29. Bd4 Nxf6 30. Bxf6 Kxf6 31. Nac6 Rxe7 32. Nxe7 Kxe7 33. Rd2 Ke6 34. Kg1 d5 35. Rf2 Rxf2 36. Kxf2 Ke5 37. Ke3 g5 38. c3 h5 39. b4 Kf5 40. Kf3 Ke5 41. a4 d4 42. cxd4+ Kxd4 43. b5 axb5 44. axb5 g4+ 45. Kf4 1-0